000 00439nam a2200169Ia 4500
008 090201s9999 xx 000 0 und d
010 _aKPL-48947
040 _bमराठी
041 _aमराठी
082 _a51153
_b48947
100 _aयु म पठाण
245 _aसय
_cयु म पठाण
260 _c2006
_bमधुराज
300 _a116
_bमध्यम
600 _aसय
942 _cBOOK
999 _c247636
_d247636